| 000 | 00349nam a22001217a 4500 | ||
|---|---|---|---|
| 999 |
_c13935 _d13935 |
||
| 020 | _a9781119817154 | ||
| 082 | _a394 | ||
| 100 | _aAlon Alroy ; Eran Ben-Shushan & Boaz Katz | ||
| 245 | _aEvent Success: Maximizing the Business Impact of In-person, Virtual, and Hybrid Experiences | ||
| 260 |
_aUSA _bWiley _c2022 |
||
| 300 | _a257 pages | ||
| 942 | _cBK | ||